| 000 | 00511nam a2200181Ia 4500 | ||
|---|---|---|---|
| 008 | 230711s9999||||xx |||||||||||||| ||und|| | ||
| 020 | _a978-93-513-4296-0 | ||
| 041 | _aENG | ||
| 082 |
_a658.1 _bLE-B |
||
| 100 | _aLesikar,Raymond | ||
| 245 | 0 | _aBusiness communication making connections in a digital world | |
| 250 | _a13th Ed. | ||
| 260 |
_c2015 _aNew Delhi _bMcGraw Hill Education(India) Private Limited |
||
| 300 | _a736 | ||
| 650 | _aUNIVESITY BUSNIESS SCHOOL | ||
| 700 | _aFlatley,Marie | ||
| 942 | _cBK | ||
| 999 |
_c5431 _d5431 |
||